| 000 | 00774nam a2200193 a 4500 | ||
|---|---|---|---|
| 001 | 000047697 | ||
| 005 | 20201002060702.0 | ||
| 008 | 180720s2017 dr 000 0 spa d | ||
| 040 |
_aDO-SdBNP _bspa _cBNPHU |
||
| 082 |
_axxxx _bI73c |
||
| 100 | 1 |
_aIsaac, Telésforo, _d1929- _975303 |
|
| 245 | 1 | 0 |
_aConsejería pastoral noutética : _bManual de notas y conjunto de artículos sobre Ministerio Pastoral / _cTelésforo Isaac ; prólogo Rvdo. Pbro. Diego Fernando Sabogal G. |
| 260 |
_aSanto Domingo : _bBam´s Color, _c2017. |
||
| 300 |
_a159 p. ; _c27 cm. |
||
| 500 | _aIncluye datos biográficos del autor en la solapa de la contracubierta | ||
| 504 | _aBibliografía : p. 157-159 | ||
| 590 | _aInventariado, 2020 /LP | ||
| 700 | 1 |
_aSabogal G., Diego Fernando, _epról. _975304 |
|
| 999 |
_c47185 _d47185 |
||